00438cam a2200181ua 45000010005000000080039000050200018000440400009000620410008000710820012000791000024000912450051001152500009001662600027001753000010002026530022002126530022002347553141212n ii |||gr||||Z||||||eng a9788186307540 cMAIN aeng a320.011 aPhukon,G.,eAuthor. aGlimpses of political thoughtcBy Girin Phukon a1st. aGuwahati:bDVS,c2013. a163p. aPolitical science aPolitical thought